| 000 | 00000nam 2200000za 4500 |
| 001 | 9.816891 |
| 003 | CaOODSP |
| 005 | 20250221083645 |
| 007 | cr ||||||||||| |
| 008 | 160504s2006 mbc #o f000 0 eng d |
| 040 | |aCaOODSP|beng |
| 043 | |an-cn--- |
| 086 | 1 |aCC164-1/2006E-PDF |
| 110 | 2 |aCanadian Wheat Board. |
| 245 | 10|aHarvesting opportunity |h[electronic resource]|bstrengthening farmers' competitive advantage - CWB Board of Directors proposal to the Government of Canada. |
| 260 | |a[Winnipeg] : |bCanadian Wheat Board, |c[2006]. |
| 300 | |aiii, 54 p. : |bill |
| 692 | 07|2gccst|aGrains |
| 856 | 40|qPDF|s920 KB|uhttps://publications.gc.ca/collections/collection_2016/aac-aafc/CC164-1-2006-eng.pdf |